Successful contract administration (Record no. 115400)
[ view plain ]
| 000 -LEADER | |
|---|---|
| fixed length control field | 00574cam a22001935a 4500 |
| 001 - CONTROL NUMBER | |
| control field | L158583 |
| 008 - FIXED-LENGTH DATA ELEMENTS--GENERAL INFORMATION | |
| fixed length control field | 150506s2014 xxk f 000 0 eng d |
| 020 ## - INTERNATIONAL STANDARD BOOK NUMBER | |
| International Standard Book Number | 9780415844222 |
| 035 ## - SYSTEM CONTROL NUMBER | |
| System control number | (Sirsi) u158583 |
| 041 0# - LANGUAGE CODE | |
| Language code of text/sound track or separate title | eng |
| 100 1# - MAIN ENTRY--PERSONAL NAME | |
| Personal name | Cook, Charles |
| 245 00 - TITLE STATEMENT | |
| Title | Successful contract administration |
| 260 ## - PUBLICATION, DISTRIBUTION, ETC. | |
| Place of publication, distribution, etc. | Oxon |
| Name of publisher, distributor, etc. | Routledge |
| -- | 2014 |
| 520 ## - SUMMARY, ETC. | |
| Summary, etc. | Guides the student through the critical issues of understanding contract law and obligations for effective project execution. |
| 521 ## - TARGET AUDIENCE NOTE | |
| Target audience note | Advanced |
| 651 #4 - SUBJECT ADDED ENTRY--GEOGRAPHIC NAME | |
| Geographic name | United Kingdom |
| Chronological subdivision | |
| 690 ## - LOCAL SUBJECT ADDED ENTRY--TOPICAL TERM (OCLC, RLIN) | |
| Topical term or geographic name as entry element | CONTRACT |
| 942 ## - ADDED ENTRY ELEMENTS (KOHA) | |
| Suppress in OPAC | 0 |
| Withdrawn status | Lost status | Source of classification or shelving scheme | Damaged status | Not for loan | Home library | Current library | Shelving location | Date acquired | Total Checkouts | Full call number | Barcode | Date last seen | Copy number | Price effective from | Koha item type |
|---|---|---|---|---|---|---|---|---|---|---|---|---|---|---|---|
| Dewey Decimal Classification | London | London | Books | 06/05/2015 | 692.8 COO | 30079030 | 06/08/2019 | 1 | 06/08/2019 | Book |